III Plan Nacional de I+D (1996-1999) (Registro nro. 6547)
[ vista simple ]
| 000 -CABECERA | |
|---|---|
| Longitud fija campo de control | 01528nam a2200361 c 4500 |
| 001 - NÚMERO DE CONTROL | |
| Número de control | 6547 |
| 003 - IDENTIFICADOR DE NÚMERO DE CONTROL | |
| Identificador del número de control | ES-MaCES |
| 005 - FECHA Y HORA DE LA ÚLTIMA TRANSACCIÓN | |
| Fecha y hora de la última transacción | 20141221121839.0 |
| 008 - CAMPO FIJO DE DESCRIPCIÓN FIJA--INFORMACIÓN GENERAL | |
| Códigos de información de longitud fija | 980219s1995 sp ||| | spa d |
| 035 ## - NÚMERO DE CONTROL DEL SISTEMA | |
| Número de control del sistema | CES19980066080m |
| 040 ## - FUENTE DE CATALOGACIÓN | |
| Centro catalogador de origen | ES-MaCES |
| Lengua de catalogación | spa |
| Centro transcriptor | ES-MaCES |
| 110 1# - ENCABEZAMIENTO PRINCIPAL--NOMBRE CORPORATIVO | |
| Nombre de entidad corporativa o nombre de jurisdicción como elemento inicial | España |
| Título de la obra | Plan Nacional de Investigación Científica y Desarrollo Tecnológico |
| Fecha del congreso o de la firma de un tratado | 1996-1999 |
| 9 (RLIN) | 3316 |
| 245 10 - MENCIÓN DE TÍTULO | |
| Título | III Plan Nacional de I+D (1996-1999) |
| 260 ## - PUBLICACIÓN, DISTRIBUCIÓN, ETC (PIE DE IMPRENTA) | |
| Lugar de publicación, distribución, etc. | [Madrid] |
| Nombre del editor, distribuidor, etc. | [Comisión Interministerial de Ciencia y Tecnología] |
| Fecha de publicación, distribución, etc. | 1995 |
| 300 ## - DESCRIPCIÓN FÍSICA | |
| Extensión | VI, 411 p. |
| Dimensiones | 30 cm |
| 500 ## - NOTA GENERAL | |
| Nota general | Posteriormente se denomina "Plan Nacional de Investigación Científica, Desarrollo e Innovación Tecnológica" |
| 504 ## - NOTA DE BIBLIOGRAFÍA, ETC. | |
| Nota de bibliografía, etc. | Bibliogr.: p. 393-395 |
| 505 1# - NOTA DE CONTENIDO FORMATEADA | |
| Nota de contenido con formato | Contiene: [I]. Plan Nacional de I+D (1996-1999) -- [II]. [Fichas de programas nacionales sectoriales] -- [III]. III Plan Nacional de I+D, 1996-1999 |
| 541 ## - NOTA DE LA FUENTE INMEDIANTE DE ADQUISICIÓN | |
| Forma de adquisición | Gratuito |
| 650 #4 - ASIENTO SECUNDARIO DE MATERIA--TÉRMINO DE MATERIA | |
| Término de materia o nombre geográfico como elemento inicial | investigación y desarrollo |
| 9 (RLIN) | 28273 |
| 650 #4 - ASIENTO SECUNDARIO DE MATERIA--TÉRMINO DE MATERIA | |
| Término de materia o nombre geográfico como elemento inicial | política científica |
| 9 (RLIN) | 28832 |
| 650 #4 - ASIENTO SECUNDARIO DE MATERIA--TÉRMINO DE MATERIA | |
| Término de materia o nombre geográfico como elemento inicial | política de investigación |
| 9 (RLIN) | 28828 |
| 650 #4 - ASIENTO SECUNDARIO DE MATERIA--TÉRMINO DE MATERIA | |
| Término de materia o nombre geográfico como elemento inicial | plan nacional |
| 9 (RLIN) | 27018 |
| 650 #4 - ASIENTO SECUNDARIO DE MATERIA--TÉRMINO DE MATERIA | |
| Término de materia o nombre geográfico como elemento inicial | España |
| 9 (RLIN) | 26964 |
| 650 #4 - ASIENTO SECUNDARIO DE MATERIA--TÉRMINO DE MATERIA | |
| Término de materia o nombre geográfico como elemento inicial | 1996-1999 |
| 9 (RLIN) | 31109 |
| 650 #4 - ASIENTO SECUNDARIO DE MATERIA--TÉRMINO DE MATERIA | |
| Término de materia o nombre geográfico como elemento inicial | informe |
| 9 (RLIN) | 28986 |
| 653 10 - TÉRMINO DE INDEXACIÓN--NO CONTROLADO | |
| Término no controlado | Políticas sectoriales |
| 710 1# - ENCABEZAMIENTO SECUNDARIO--NOMBRE CORPORATIVO | |
| Nombre de entidad o nombre de jurisdicción como elemento inicial | España |
| Unidad subordinada | Comisión Interministerial de Ciencia y Tecnología |
| Término indicativo de función | ed. |
| 9 (RLIN) | 2734 |
| 787 0# - ENTRADA DE OTRAS ESPECIFICACIONES | |
| Título | Plan Nacional de Investigación Científica, Desarrollo e Innovación Tecnológica (2000-2003) |
| Número de control del registro relacionado | (ES-MaCES)9840 |
| 902 ## - CES. TIPO DE DOCUMENTO | |
| Tipodoc (006$c Sirtex) | LIB Libro |
| 942 ## - ELEMENTOS KOHA | |
| Fuente de clasificaión o esquema | Clasificación propia del CES |
| Koha [por defecto] tipo de item | Monografías |
| Parte de clasificación | 5.2. |
| Número de registro | Signatura completa | Número de copia | Tipo de item de Koha |
|---|---|---|---|
| 024038 | DPT-3494 | 0001 | Monografías |
| 024039 | DPT-3495 | 0002 | Monografías |
